Films Disney - Mort subite - Statistiques

Statistiques générales
  • Ce quiz a été pris 11 100 fois
  • Le résultat moyen est 3 sur 15
Answers on the Grid
Answers color-coded by a green-red scale on the quiz's grid according to % correct below.
Fantasia
Mary Poppins
Peter et Elliott le dragon
Qui veut la peau de Roger Rabbit ?
Bernard et Bianca au pays des koalas
L'étrange Noël de monsieur jack
Le retour d'Aladdin
Pocahontas 2 : Le grand voyage
Winnie l'ourson 2 : Un monde nouveau
Doug, le film
Kuzco, l'empereur mégalo
Dinosaure
Les aventures de Tigrou
Atlantis : un nouvel univers
Les indestructibles
Chicken Little
La fée clochette
Le drôle de Noël de Scrooge
Réponse
Frankenweenie
Planes
Jean-Pascal et Winnie
Spirit, l'étalon des plaines
Le voyage de Chihiro
Happy Feet
Monster House
Kubo et l'Armure magique
Klaus
Encantado
En arrière
 
Statistiques - réponses
Réponse % Correct
Fantasia
38%
Mary Poppins
35%
La fée clochette
34%
Kuzco, l'empereur mégalo
32%
Les indestructibles
31%
Dinosaure
20%
Planes
19%
Chicken Little
18%
L'étrange Noël de monsieur jack
18%
Peter et Elliott le dragon
16%
Les aventures de Tigrou
15%
Qui veut la peau de Roger Rabbit ?
7%
Frankenweenie
5%
Le drôle de Noël de Scrooge
5%
Doug, le film
4%
Aucun quiz correspondant
Distribution des résultats
% des personnes avec chaque résultat
Percentile par nombre de réponses
Votre historique - résultats
Vous n’avez pas pris ce quiz